000 00846nam a22002897a 4500
003 CHAP
005 20220817042543.0
008 971013s1963 r 00010 d
010 _a47976
011 _a48948
035 _a53096
040 _cCHAP
082 _a636.0884
_bF3
110 _aFAO
245 _aTraitement et utilisation des sous-produits animaux
260 _aRoma :
_bFAO,
_c1963
300 _a271 p.
_b: ilus.
490 _aFAO. Cuadernos de fomento agropecuario
_v; 75
590 _aBATCH-UPD
_b10
_c20130110
_lUCH01
_h1557
590 _aCONVERSION
_b10
_c20130109
_lUCH01
_h1326
650 1 4 _aProductos animales.
_992040
700 0 _aMann, I.
_970509
830 0 _aFAO. Cuadernos de fomento agropecuario
_v; 75
_939507
901 _aBK
942 _cLIBRO
949 _a636.0884 F3
_bBC
_cFAO
_d-117930
_eFAO1
_h24362
_i53096
_si
999 _c47976
_d47976